<?xml version="1.0" encoding="UTF-8"?>
<record
    xmlns:xsi="http://www.w3.org/2001/XMLSchema-instance"
    xsi:schemaLocation="http://www.loc.gov/MARC21/slim http://www.loc.gov/standards/marcxml/schema/MARC21slim.xsd"
    xmlns="http://www.loc.gov/MARC21/slim">

  <leader>00626cam a2200169 a 4500</leader>
  <datafield tag="082" ind1="0" ind2="0">
    <subfield code="a">665.744</subfield>
    <subfield code="b">ADV</subfield>
    <subfield code="c">L-37, P-149</subfield>
  </datafield>
  <datafield tag="245" ind1="0" ind2="0">
    <subfield code="a">Advances in offshore oil &amp; gas pipeline technology /</subfield>
    <subfield code="c">edited by R. F. de la Mare.</subfield>
  </datafield>
  <datafield tag="260" ind1=" " ind2=" ">
    <subfield code="a">Houston :</subfield>
    <subfield code="b">Gulf Pub. Co.,</subfield>
    <subfield code="c">1985.</subfield>
  </datafield>
  <datafield tag="300" ind1=" " ind2=" ">
    <subfield code="a">ix, 383 p. :</subfield>
    <subfield code="b">ill. ;</subfield>
    <subfield code="c">25 cm.</subfield>
  </datafield>
  <datafield tag="526" ind1=" " ind2=" ">
    <subfield code="a">0</subfield>
    <subfield code="b">0</subfield>
    <subfield code="c">0</subfield>
    <subfield code="d">665_744000000000000_ADV</subfield>
  </datafield>
  <datafield tag="650" ind1=" " ind2="0">
    <subfield code="a">MCE</subfield>
    <subfield code="9">379</subfield>
  </datafield>
  <datafield tag="650" ind1=" " ind2="0">
    <subfield code="a">Natural gas pipelines</subfield>
    <subfield code="x">Congresses.</subfield>
    <subfield code="9">44822</subfield>
  </datafield>
  <datafield tag="650" ind1=" " ind2="0">
    <subfield code="a">Petroleum pipelines</subfield>
    <subfield code="x">Congresses.</subfield>
    <subfield code="9">44823</subfield>
  </datafield>
  <datafield tag="650" ind1=" " ind2="0">
    <subfield code="a">Underwater pipelines</subfield>
    <subfield code="x">Design and construction</subfield>
    <subfield code="x">Congresses.</subfield>
    <subfield code="9">44824</subfield>
  </datafield>
  <datafield tag="700" ind1="1" ind2=" ">
    <subfield code="a">De la Mare, R. F.</subfield>
    <subfield code="9">44825</subfield>
  </datafield>
  <datafield tag="942" ind1=" " ind2=" ">
    <subfield code="2">ddc</subfield>
    <subfield code="c">BK</subfield>
  </datafield>
  <datafield tag="999" ind1=" " ind2=" ">
    <subfield code="c">548495</subfield>
    <subfield code="d">548495</subfield>
  </datafield>
  <datafield tag="952" ind1=" " ind2=" ">
    <subfield code="0">0</subfield>
    <subfield code="1">0</subfield>
    <subfield code="2">ddc</subfield>
    <subfield code="4">0</subfield>
    <subfield code="7">0</subfield>
    <subfield code="a">MCE</subfield>
    <subfield code="b">MCE</subfield>
    <subfield code="d">2014-08-28</subfield>
    <subfield code="l">0</subfield>
    <subfield code="o">665.744 ADV</subfield>
    <subfield code="p">MCE-28865</subfield>
    <subfield code="r">2014-08-28</subfield>
    <subfield code="w">2014-08-28</subfield>
    <subfield code="y">BK</subfield>
  </datafield>
</record>
